Stoicorum veterum fragmenta / (Record no. 106607)

MARC details
000 -LEADER
campo de control de longitud fija 01154nam a2200289 i 4500
001 - NÚMERO DE CONTROL
campo de control 106607
003 - IDENTIFICADOR DE NÚMERO DE CONTROL
campo de control ES-MaACL
005 - FECHA Y HORA DE LA ÚLTIMA TRANSACCIÓN
campo de control 20230906184221.0
007 - CAMPO FIJO DE DESCRIPCIÓN FÍSICA--INFORMACIÓN GENERAL
campo de control de longitud fija t|
008 - DATOS DE LONGITUD FIJA--INFORMACIÓN GENERAL
campo de control de longitud fija 061205s1968 gw |||| | lat d
080 ## - NÚMERO DE LA CLASIFICACIÓN DECIMAL UNIVERSAL
Número de la Clasificación Decimal Universal 17.036.2
245 00 - MENCIÓN DEL TÍTULO
Título Stoicorum veterum fragmenta /
Mención de responsabilidad, etc. collegit Ioannes ab Arnim.
250 ## - MENCION DE EDICION
Mención de edición Editio stereotypa editionis primae (MCMV).
260 ## - PUBLICACIÓN, DISTRIBUCIÓN, ETC.
Lugar de publicación, distribución, etc. Stutgardiae :
Nombre del editor, distribuidor, etc. In Aedibus B.G. Tevbneri,
Fecha de publicación, distribución, etc. 1968.
300 ## - DESCRIPCIÓN FÍSICA
Extensión 4 v. ;
Dimensiones 24 cm.
490 1# - MENCIÓN DE SERIE
Mención de serie Sammlung wissenschaftlicher Commentare
505 8# - NOTA DE CONTENIDO CON FORMATO
Nota de contenido con formato v. 1. Zeno et Zenonis discipuli.--v. 2. Chrysippi fragmenta logica et physica.--v. 3. Chrysippi fragmenta moralia. Fragmenta successorum Chrysippi.--v. 4. Quo indices continentur. Conscripsit Maximilianus Adler
546 ## - NOTA DE IDIOMA
Nota de lengua/lenguaje Texto en latín y griego.
650 14 - PUNTO DE ACCESO ADICIONAL DE MATERIA--TÉRMINO DE MATERIA
Término de materia o nombre geográfico como elemento de entrada Estoicos.
9 (RLIN) 12556
700 1# - ENTRADA AGREGADA--NOMBRE PERSONAL
Nombre de persona Arnim, Hans Friedrich August von.
9 (RLIN) 23097
700 1# - ENTRADA AGREGADA--NOMBRE PERSONAL
Nombre de persona Zenón de Citio.
9 (RLIN) 118185
700 1# - ENTRADA AGREGADA--NOMBRE PERSONAL
Nombre de persona Crisipo.
9 (RLIN) 41620
700 1# - ENTRADA AGREGADA--NOMBRE PERSONAL
Nombre de persona Adler, Maximilian.
9 (RLIN) 18451
830 0# - PUNTO DE ACCESO ADICIONAL DE SERIE-TÍTULO UNIFORME
Título uniforme Sammlung wissenschaftlicher Commentare
9 (RLIN) 232849
852 ## - LOCALIZACIÓN
Ubicación ES-MaACL
Número de control de estantería E-11415-18
Nota libre . - Biblioteca Jacinto Martínez Lacalle
Holdings
Estatus retirado Estado de pérdida Estado de daño No para préstamo Biblioteca de origen Biblioteca actual Ubicación en estantería Fecha de adquisición Fuente de adquisición Total de préstamos Signatura topográfica completa Código de barras Visto por última vez Precio de reemplazo Tipo de ítem Koha
        Biblioteca del Ateneo de Madrid Biblioteca del Ateneo de Madrid Depósito 2 17/01/2008     E-11415-18 1111279 23/02/2023 23/02/2023 Libro impreso